[Event "Aragon-ch Seniors 50+"]
[Site "Zaragoza"]
[Date "2019.05.18"]
[Round "5"]
[White "Domingo Romance, Agustin"]
[Black "Fernandez Sierra, Pedro Jose"]
[Result "1-0"]
[WhiteElo "1709"]
[BlackElo "1502"]
[PlyCount "61"]
[EventDate "2019.04.27"]
[EventType "swiss"]
[EventRounds "8"]
[EventCountry "ESP"]
[SourceTitle "EXT 2020"]
[Source "ChessBase"]
[SourceDate "2019.10.17"]
[SourceVersion "1"]
[SourceVersionDate "2019.10.17"]
[SourceQuality "1"]

1. e4 d5 2. exd5 Nf6 3. d6 Qxd6 4. Nf3 Nc6 5. d4 Bg4 6. c3 0-0-0 7. Be2 h6 8. 0-0 g5 9. Be3 Nd5 10. Na3 Nxe3 11. fxe3 Qe6 12. Qd2 f6 13. Bd3 Qd7 14. Qc2 Kb8 15. Nd2 Bg7 16. Bb5 a6 17. Ba4 e6 18. b4 b5 19. Bb3 Ne7 20. Qd3 Nd5 21. Bxd5 exd5 22. Nc2 Rhe8 23. a4 Kb7 24. Nb3 Bf8 25. Na5+ Kb8 26. Rxf6 Re6 27. Raf1 Be7 28. Rxe6 Bxe6 29. axb5 Qxb5 30. Qxb5+ axb5 31. Nc6+ 1-0

[Event "Zaragoza Primavera op 3rd"]
[Site "Zaragoza"]
[Date "2015.04.19"]
[Round "2"]
[White "Arrieta Otero, German"]
[Black "Domingo Romance, Agustin"]
[Result "0-1"]
[WhiteElo "1850"]
[BlackElo "1633"]
[PlyCount "123"]
[EventDate "2015.04.12"]
[EventType "swiss"]
[EventRounds "9"]
[EventCountry "ESP"]
[SourceTitle "EXT 2016"]
[Source "ChessBase"]
[SourceDate "2015.10.08"]
[SourceVersion "1"]
[SourceVersionDate "2015.10.08"]
[SourceQuality "1"]

1. e4 e6 2. d4 d5 3. e5 c5 4. Nf3 Nc6 5. Nc3 a6 6. b3 cxd4 7. Ne2 Qc7 8. Nexd4 Nxe5 9. Be2 Nxf3+ 10. Nxf3 Bb4+ 11. Bd2 Bxd2+ 12. Qxd2 Nf6 13. 0-0 0-0 14. c4 Bd7 15. Rac1 Bc6 16. Rfd1 Rfd8 17. Qc2 dxc4 18. Qxc4 Qe7 19. Ne5 Rxd1+ 20. Rxd1 Bb5 21. Qc2 Bxe2 22. Qxe2 h6 23. h3 Nd5 24. Qf3 Rc8 25. Rd2 Rc7 26. Nc4 b5 27. Ne5 Qg5 28. Re2 f6 29. Nd3 Kf7 30. Qe4 Re7 31. f4 Qf5 32. Qxf5 exf5 33. Rxe7+ Kxe7 34. Kf2 Kd6 35. g3 Nc3 36. a3 Nb1 37. a4 bxa4 38. bxa4 Nc3 39. Nb2 Kd5 40. Ke3 Ne4 41. Nd3 a5 42. g4 Nc3 43. Nb2 fxg4 44. hxg4 g6 45. Kd3 Ne4 46. Nd1 Nc5+ 47. Ke3 Nxa4 48. Nf2 Nc3 49. Kd3 Nb5 50. Ne4 f5 51. gxf5 gxf5 52. Nf6+ Ke6 53. Nh5 a4 54. Kc4 a3 55. Kb3 Kd5 56. Ng3 Ke6 57. Nh5 Kf7 58. Ka2 Kg6 59. Ng3 h5 60. Ne2 h4 61. Ng1 Kh5 62. Kb1 0-1